| Tag |
First Indicator |
Second Indicator |
Subfields |
| LEADER |
00000cam a2200000 a 4500 |
| 001 |
in00000657828 |
| 005 |
20151015065621.0 |
| 008 |
800507s1977 maua b 00110 engmd |
| 010 |
|
|
|a 76048744
|
| 020 |
|
|
|a 0205056903
|
| 035 |
|
|
|a (OCoLC)06291677
|
| 035 |
|
|
|9 ACW5213AM
|
| 040 |
|
|
|a DLC
|c GQG
|d TXA
|d UtOrBLW
|
| 043 |
|
|
|a n-us---
|
| 049 |
|
|
|a TXAM
|c [1116295]
|
| 090 |
|
|
|a GV174
|b .S73 1979
|
| 100 |
1 |
|
|a Stein, Thomas A.
|
| 245 |
1 |
0 |
|a Recreation and special populations /
|c Thomas A. Stein, H. Douglas Sessoms.
|
| 250 |
|
|
|a 2nd ed.
|
| 264 |
|
1 |
|a Boston :
|b Allyn and Bacon,
|c (1979 printing)
|
| 264 |
|
4 |
|c ©1977
|
| 300 |
|
|
|a xiv, 448 pages :
|b illustrations ;
|c 24 cm.
|
| 336 |
|
|
|a text
|b txt
|2 rdacontent
|
| 337 |
|
|
|a unmediated
|b n
|2 rdamedia
|
| 338 |
|
|
|a volume
|b nc
|2 rdacarrier
|
| 504 |
|
|
|a Includes bibliographies and index.
|
| 650 |
|
0 |
|a Recreation.
|
| 650 |
|
0 |
|a Recreation
|z United States.
|
| 700 |
1 |
|
|a Sessoms, H. Douglas
|q (Hanson Douglas)
|
| 999 |
|
|
|a MARS
|
| 999 |
f |
f |
|s f31fef25-a9a8-33fb-b331-eceb5b703fdf
|i 6889a893-69e3-336a-8a19-83bb31af2042
|t 0
|
| 952 |
f |
f |
|p ric
|a Texas A&M University
|b Rellis Campus
|c Joint Library Facility
|d Remote Storage
|t 0
|e GV174 .S73 1979
|h Library of Congress classification
|i unmediated -- volume
|m A14802452412
|
| 998 |
f |
f |
|a GV174 .S73 1979
|t 0
|l Remote Storage
|